000 00386nam a22001697a 4500
003 MPLRDC
005 20220104145304.0
008 210129b ||||| |||| 00| 0 eng d
082 _a177 ZZL
100 _a周志明编
245 _a摩登厚黑学
_c
260 _a
_b快泽
_c
300 _b
490 _a迷你系列. 203
650 _a应用心理学
942 _cBK
_o177 ZZL
999 _c51236
_d51226